| 000 | 00712nas a2200253 4500 | ||
|---|---|---|---|
| 001 | BR0803993 | ||
| 003 | BR-BrBNA | ||
| 005 | 20231205111733.0 | ||
| 007 | ta | ||
| 008 | 230509b bl.|||p| |||| 00| 00por d | ||
| 040 |
_aBR-BrBNA _bpor _cBiblioteca Nacional de Agricultura |
||
| 041 | _a(Pt) | ||
| 072 | _aL10 | ||
| 100 | 1 | _aBernardi, M.L. | |
| 245 | 1 | _aProdução in vitro de embriões ovinos | |
| 650 | _aREPRODUÇÃO ANIMAL | ||
| 650 | _aOVINO | ||
| 650 | _aFECUNDAÇÃO | ||
| 650 | _aEMBRIÃO | ||
| 650 | _aBIOTECNOLOGIA | ||
| 773 | 0 |
_tActa Scientiae Veterinariae (Brazil) _xISSN 1678-0345 _g(2005), v. 33(1) p. 1-16 _wBR0803993 |
|
| 909 |
_a202311 _bLúcia _c55 _dLúcia Elande |
||
| 942 |
_2AGRIS _n0 _cANA |
||
| 999 |
_c194230 _d194230 |
||